UBT Library

Generalist Practice With Oragnizations Communities (Record no. 52748)

000 -LEADER
fixed length control field 00329nam a22001337a 4500
008 - FIXED-LENGTH DATA ELEMENTS--GENERAL INFORMATION
fixed length control field 181204b xxu||||| |||| 00| 0 eng d
020 ## - INTERNATIONAL STANDARD BOOK NUMBER
International Standard Book Number 9780495507154
041 ## - LANGUAGE CODE
Language code of text/sound track or separate title eng
080 ## - UNIVERSAL DECIMAL CLASSIFICATION NUMBER
Edition identifier 4 th
Universal Decimal Classification number 321
100 ## - Rafti
Rafti 22
101 ## - Shkurtesa
Shkurtesa pol
245 ## - TITLE STATEMENT
Title Generalist Practice With Oragnizations Communities
Statement of responsibility, etc Karen.k.k
942 ## - ADDED ENTRY ELEMENTS (KOHA)
Source of classification or shelving scheme
Item type Books

No items available.

UBT Library © 2015-2024. All rights reserved University Education for Business and Technology